[Event "LTU chess league"]
[Site "LTU"]
[Date "2009.03.15"]
[Round "9.32"]
[White "Savickas, Airidas"]
[Black "Dubovikas, Tomas"]
[Result "0-1"]
[WhiteElo "2358"]
[BlackElo "2185"]
[PlyCount "118"]
[EventDate "2008.11.08"]

1. e4 c5 2. Nf3 e6 3. Nc3 Nc6 4. d4 cxd4 5. Nxd4 a6 6. Be2 Qc7 7. O-O b5 8.
Nxc6 dxc6 9. f4 Nf6 10. e5 Nd5 11. Nxd5 cxd5 12. Bd3 Bc5+ 13. Kh1 g6 14. Bd2
O-O 15. Qe2 Bd7 16. Rf3 f5 17. Be1 Be7 18. Bf2 Kh8 19. Qe1 Qd8 20. Rh3 Rg8 21.
Bd4 Qf8 22. Qe2 Bc5 23. Bxc5 Qxc5 24. Rf1 Qe7 25. g4 d4 26. g5 Bc6+ 27. Kg1
Rad8 28. Rg3 Qc5 29. Kf2 Rd7 30. h4 Kg7 31. h5 Rdd8 32. Rfg1 Rc8 33. Rh3 Rgd8
34. Kg3 Rh8 35. Kh2 Rhd8 36. Kg3 Rh8 37. Rf1 h6 38. hxg6 hxg5 39. Rh7+ Rxh7 40.
gxh7 g4 41. a4 Rh8 42. axb5 axb5 43. Rf2 Rxh7 44. Rh2 Rxh2 45. Kxh2 Qd5 46. Qf1
Qd8 47. Kg3 Qd5 48. b4 Kg6 49. Qe2 Kf7 50. Qf1 Ke7 51. Kh4 Kd7 52. Kg3 Kc7 53.
Qa1 Qf3+ 54. Kh4 Kb7 55. Qxd4 g3 56. Kg5 g2 57. Qc5 Qg3+ 58. Kf6 g1=Q 59. Qe7+
Ka6 0-1

[Event "LTU chess league"]
[Site "LTU"]
[Date "2009.03.15"]
[Round "9.33"]
[White "Adomaitis, Edgaras"]
[Black "Kalvaitis, Sigitas"]
[Result "1/2-1/2"]
[WhiteElo "1894"]
[BlackElo "2230"]
[PlyCount "20"]
[EventDate "2008.11.08"]

1. e4 e6 2. d4 d5 3. exd5 exd5 4. Qf3 Bd6 5. Bd3 c6 6. Ne2 Qf6 7. Nd2 Qxf3 8.
Nxf3 Ne7 9. Bf4 Bxf4 10. Nxf4 Ng6 1/2-1/2

[Event "LTU chess league"]
[Site "LTU"]
[Date "2009.03.15"]
[Round "9.34"]
[White "Jegorovas, Aleksandras"]
[Black "Klabis, Rokas"]
[Result "1-0"]
[WhiteElo "2303"]
[BlackElo "1849"]
[PlyCount "67"]
[EventDate "2008.11.08"]

1. Nf3 d5 2. d4 Nf6 3. c4 c6 4. Nc3 e6 5. e3 Nbd7 6. Be2 Be7 7. O-O O-O 8. Qc2
a6 9. Rd1 Qc7 10. b3 b5 11. a3 Rb8 12. e4 dxe4 13. Nxe4 Bb7 14. Nxf6+ Bxf6 15.
cxb5 axb5 16. Bxb5 Qc8 17. Bd3 h6 18. Bf4 Ra8 19. b4 c5 20. bxc5 Bc6 21. a4
Bxf3 22. gxf3 e5 23. Bg3 exd4 24. c6 Ne5 25. Be4 Ra5 26. Rac1 d3 27. Qb3 Bg5
28. Rc3 Bd8 29. Qb7 Bc7 30. Qxc8 Rxc8 31. f4 Rxa4 32. Bf5 Nf3+ 33. Kg2 Rd8 34.
Kxf3 1-0

[Event "LTU chess league"]
[Site "LTU"]
[Date "2009.03.15"]
[Round "9.35"]
[White "Paulauskaite, Gintare"]
[Black "Domarkaite, Laima"]
[Result "1-0"]
[WhiteElo "2044"]
[BlackElo "2165"]
[PlyCount "91"]
[EventDate "2008.11.08"]

1. e4 c5 2. Nf3 d6 3. d3 Nc6 4. g3 Nf6 5. Bg2 Bg4 6. h3 Bh5 7. c3 e6 8. O-O Be7
9. Nbd2 O-O 10. g4 Bg6 11. Nh4 Ne8 12. Nxg6 hxg6 13. f4 g5 14. f5 Nc7 15. Nf3
e5 16. Be3 d5 17. Qd2 dxe4 18. dxe4 Qxd2 19. Bxd2 f6 20. h4 gxh4 21. Nxh4 Rfd8
22. Be3 Rd3 23. Rf3 Rad8 24. Ng6 Rd1+ 25. Rxd1 Rxd1+ 26. Bf1 Bd6 27. Kg2 b5 28.
Rf2 Kf7 29. Be2 Ra1 30. b3 a6 31. Bf3 Re1 32. Rd2 Ne8 33. Kf2 Ra1 34. Be2 Rb1
35. Bd3 Rc1 36. a4 Rxc3 37. axb5 Rxd3 38. Rxd3 axb5 39. Rd5 Nd4 40. Bxd4 exd4
41. Ke2 c4 42. Rxb5 Nc7 43. Rb6 d3+ 44. Kd2 cxb3 45. Rxd6 Nb5 46. Rd8 1-0

[Event "LTU chess league"]
[Site "LTU"]
[Date "2009.03.15"]
[Round "9.41"]
[White "Burstein, Roman"]
[Black "Sakalauskas, Vaidas"]
[Result "1/2-1/2"]
[WhiteElo "2331"]
[BlackElo "2404"]
[PlyCount "28"]
[EventDate "2008.11.08"]

1. c4 Nf6 2. g3 c5 3. Bg2 d5 4. cxd5 Nxd5 5. Nc3 Nc7 6. Nf3 Nc6 7. O-O e5 8. d3
Be7 9. Be3 O-O 10. Rc1 f6 11. a3 Ne6 12. b4 cxb4 13. axb4 Kh8 14. b5 Ncd4
1/2-1/2

[Event "LTU chess league"]
[Site "LTU"]
[Date "2009.03.15"]
[Round "9.42"]
[White "Kudzma, Laimonas"]
[Black "Rositsan, Boris"]
[Result "0-1"]
[WhiteElo "2255"]
[BlackElo "2228"]
[PlyCount "106"]
[EventDate "2008.11.08"]

1. c4 e5 2. Nf3 Nc6 3. Nc3 Nf6 4. d4 e4 5. Ng5 h6 6. Ngxe4 Nxe4 7. Nxe4 Qh4 8.
Nc3 Qxd4 9. Nd5 Bd6 10. e3 Qxd1+ 11. Kxd1 b6 12. Bd2 Ne5 13. Bc3 c6 14. Nb4 a5
15. Nd3 f6 16. Nxe5 Bxe5 17. Kc2 Ba6 18. Rd1 b5 19. cxb5 cxb5 20. Bxe5 fxe5 21.
Rd5 O-O 22. f3 e4 23. f4 Rac8+ 24. Kb1 Rc7 25. Be2 Bb7 26. Rxb5 Ba6 27. Rd1 Rd8
28. Rd6 Bxb5 29. Bxb5 Kf8 30. a4 Ke7 31. Rg6 Rg8 32. f5 h5 33. h3 Kf7 34. Rd6
Rd8 35. g4 hxg4 36. hxg4 Rh8 37. Rd4 Rh2 38. Bc4+ Kf6 39. Rxe4 Rc5 40. Rd4 Ke5
41. Bd3 d5 42. g5 Rh3 43. f6 gxf6 44. gxf6 Rxe3 45. f7 Rc8 46. Rg4 Rf8 47. Bg6
Rh3 48. b4 Rb3+ 49. Kc2 Rxb4 50. Rxb4 axb4 51. Bh5 Kf5 52. Bf3 d4 53. Bd5 53...
Kf4 {...} 0-1

[Event "LTU chess league"]
[Site "LTU"]
[Date "2009.03.15"]
[Round "9.43"]
[White "Baliasnyj, Timur"]
[Black "Petrauskas, Rimvydas"]
[Result "1-0"]
[WhiteElo "2238"]
[BlackElo "2231"]
[PlyCount "89"]
[EventDate "2008.11.08"]

1. c4 e5 2. Nc3 Nf6 3. g3 d5 4. cxd5 Nxd5 5. Bg2 Nb6 6. a4 a5 7. Nf3 Nc6 8. O-O
Be7 9. d3 O-O 10. Be3 Bf5 11. Rc1 Qd7 12. Nb5 Nd5 13. Bc5 Ndb4 14. d4 Rad8 15.
Bxb4 Bxb4 16. d5 Qxd5 17. Qxd5 Rxd5 18. Nh4 e4 19. Nxc7 Re5 20. Nxf5 Rxf5 21.
Bxe4 Re5 22. Bxc6 bxc6 23. e3 c5 24. Rfd1 g6 25. Nd5 Kg7 26. Nb6 Rfe8 27. Nc4
R5e6 28. Rd7 R8e7 29. Rcd1 h5 30. f3 Kf6 31. Kf2 Kg7 32. Ke2 Kf6 33. R1d6 Rxd6
34. Rxd6+ Kg7 35. Kd3 Be1 36. Rd5 Bb4 37. e4 f6 38. Ne3 Kf7 39. Nc2 Rb7 40. b3
Ke6 41. Nxb4 Rxb4 42. Kc3 c4 43. Rb5 Rxb5 44. axb5 cxb3 45. Kxb3 1-0

[Event "LTU chess league"]
[Site "LTU"]
[Date "2009.03.15"]
[Round "9.45"]
[White "Joffe, Roza"]
[Black "Kalvyte, Vesta"]
[Result "0-1"]
[WhiteElo "2043"]
[BlackElo "1981"]
[PlyCount "104"]
[EventDate "2008.11.08"]

1. d4 Nf6 2. c4 c5 3. d5 e6 4. Nc3 exd5 5. Nxd5 Nxd5 6. Qxd5 d6 7. Nf3 Nc6 8.
Ng5 Qf6 9. Ne4 Qd4 10. Qxd4 Nxd4 11. Kd2 Be6 12. e3 Nc6 13. Nc3 O-O-O 14. Be2
f5 15. Rd1 g6 16. Ke1 Bg7 17. Bd2 Ne7 18. Rac1 b6 19. Kf1 Kb8 20. Be1 d5 21.
cxd5 Nxd5 22. a3 Nxc3 23. Bxc3 Bxc3 24. Rxc3 Rxd1+ 25. Bxd1 Rd8 26. Ke1 Bd5 27.
Rd3 Kc7 28. g3 a5 29. Kd2 b5 30. Be2 Rd6 31. Kc3 b4+ 32. Kd2 Kc6 33. h3 Rf6 34.
Kc1 g5 35. Kd2 Bg2 36. h4 gxh4 37. gxh4 Rh6 38. h5 Bd5 39. Kc1 Rf6 40. Rd2 Rf8
41. Bb5+ Kxb5 42. Rxd5 Rf7 43. Kd2 Kc4 44. Rd6 Kb3 45. Kc1 bxa3 46. Rd3+ Kb4
47. Rxa3 c4 48. Kc2 Rg7 49. Ra1 Rg2 50. Rf1 Rh2 51. Kc1 Kb3 52. h6 Rxh6 0-1

[Event "LTU chess league"]
[Site "LTU"]
[Date "2009.03.15"]
[Round "9.51"]
[White "Labeckas, Kestutis"]
[Black "Zilinskas, Vaidas"]
[Result "1-0"]
[WhiteElo "2345"]
[BlackElo "2131"]
[PlyCount "89"]
[EventDate "2008.11.08"]

1. d4 d6 2. c4 g6 3. Nc3 Bg7 4. e4 Nc6 5. Be3 e5 6. d5 Nce7 7. g4 f5 8. gxf5
gxf5 9. Qh5+ Kf8 10. Bg5 Qe8 11. Qxe8+ Kxe8 12. Nb5 Kd8 13. c5 dxc5 14. d6 cxd6
15. Nxd6 fxe4 16. Nf7+ Kc7 17. Nxh8 Bxh8 18. Rc1 b6 19. b4 Kd6 20. bxc5+ bxc5
21. Be3 Be6 22. Bxc5+ Kd7 23. Bb5+ Kd8 24. Ne2 Nf6 25. O-O Ned5 26. Rfd1 Rc8
27. Bxa7 Rxc1 28. Rxc1 Nf4 29. Bb6+ Ke7 30. Rc7+ Nd7 31. Bc5+ Kd8 32. Bd6 Nxe2+
33. Bxe2 Bf6 34. Ra7 Ke8 35. Bb5 Bh3 36. Bc6 e3 37. fxe3 Bg5 38. Kf2 Bh4+ 39.
Ke2 Bg4+ 40. Kd2 Bf6 41. a4 Be7 42. Bxe7 Kxe7 43. Bxd7 Bxd7 44. Kd3 Kd6 45.
Rxd7+ 1-0

[Event "LTU chess league"]
[Site "LTU"]
[Date "2009.03.15"]
[Round "9.52"]
[White "Tamosaitis, Rimas"]
[Black "Zapolskis, Antanas"]
[Result "1-0"]
[WhiteElo "2196"]
[BlackElo "2346"]
[PlyCount "85"]
[EventDate "2008.11.08"]

1. d4 b5 2. e4 Bb7 3. Nd2 a6 4. Ngf3 e6 5. a4 bxa4 6. Rxa4 c5 7. Bd3 cxd4 8.
Nxd4 a5 9. Qe2 Ne7 10. O-O Nbc6 11. N2f3 Nxd4 12. Nxd4 Nc6 13. Bb5 Bb4 14. Nxc6
dxc6 15. Bd3 O-O 16. e5 g6 17. Rd1 Qc7 18. Bg5 Be7 19. Qe3 Qd8 20. Bxe7 Qxe7
21. Qh6 f5 22. exf6 Qxf6 23. Qe3 c5 24. Rg4 Rac8 25. h4 Kh8 26. Bxg6 Rg8 27.
Rd7 Rg7 28. Rxg7 Qxg7 29. Bf5 Qxb2 30. Qxe6 Rf8 31. Qe7 Qc1+ 32. Kh2 Qh6 33.
Bxh7 Bc8 34. Rg3 a4 35. Bd3 Be6 36. Qxc5 Rf4 37. Qe5+ Rf6 38. Qd4 a3 39. Rg6
Qf4+ 40. Qxf4 Rxf4 41. Rxe6 Rxh4+ 42. Kg3 Ra4 43. Re1 1-0

[Event "LTU chess league"]
[Site "LTU"]
[Date "2009.03.15"]
[Round "9.53"]
[White "Zickus, Simonas"]
[Black "Narmontas, Raimondas"]
[Result "1-0"]
[WhiteElo "2315"]
[BlackElo "2131"]
[PlyCount "107"]
[EventDate "2008.11.08"]

1. Nf3 d6 2. d4 Bg4 3. e4 Nd7 4. c4 Ngf6 5. Nc3 c5 6. Be2 cxd4 7. Nxd4 Bxe2 8.
Qxe2 g6 9. Be3 Bg7 10. O-O O-O 11. f4 Rc8 12. Rac1 Nc5 13. Bf2 Nh5 14. g3 b6
15. Rfd1 Re8 16. e5 Qd7 17. Nd5 dxe5 18. fxe5 Bh6 19. Rc2 Ng7 20. b4 Nb7 21.
Nb5 Qe6 22. Nxa7 Rcd8 23. Nc7 Rxd1+ 24. Qxd1 Qxe5 25. Nxe8 Nxe8 26. Nb5 Be3 27.
Qd5 Bxf2+ 28. Kxf2 Qf6+ 29. Qf3 Qe6 30. Qxb7 Qf5+ 31. Kg1 Qxc2 32. Qxe7 Qd1+
33. Kf2 Qc2+ 34. Qe2 Qf5+ 35. Kg2 Nf6 36. Nd6 Qb1 37. Qf2 Qa1 38. Qxb6 Kg7 39.
Qf2 Qe5 40. c5 Qd5+ 41. Kf1 Qd1+ 42. Qe1 Qd3+ 43. Qe2 Qb1+ 44. Qe1 Qd3+ 45. Kg1
Qd4+ 46. Qf2 Qd1+ 47. Kg2 Qd5+ 48. Kf1 Qd1+ 49. Qe1 Qd3+ 50. Qe2 Qb1+ 51. Kg2
Qxb4 52. Qf2 h5 53. h3 Qc3 54. Qxf6+ 1-0